000 00660nam a22001577a 4500
003 OSt
005 20151209095836.0
008 151209b xxu||||| |||| 00| 0 eng d
040 _cRUA
082 _aATM SOY 2007 B194 Or.1
100 _94570
_aSOY ROTHMONY; សយ រត្ន័មុនី
245 _aThe effectivess of the community development (pfd) project in stung treng province; ប្រសិទ្ធភាពនៃគរោងអភិវឌ្ឍន៍សហគមន៍របស់អង្គការ ដៃគូរអភិវឌ្ឍន៍.
260 _aPhnom Penh
_bRUA
_c2007
300 _axv; 54p.
_bill.
_c29cm.
942 _2ddc
_cATM
999 _c4259
_d4259